000
00282nam a22001217a 4500
999
_c
8825
_d
8825
003
OSt
005
20191107154617.0
008
191107b ||||| |||| 00| 0 eng d
040
_c
DDC
100
_a
Haggard, Ted
245
_a
New Liberation Through Prayer and Fasting
942
_2
ddc
_c
BK